Tabla de multiplicación 12 x 12 en dos minutos - Estadísticas

Estadísticas generales
  • Esta prueba ha sido intentada 8.091 veces
  • La puntuación promedio es 89 de 144
Estadísticas de respuestas
Número % Correcto
1
99%
2
99%
3
99%
4
99%
5
99%
6
99%
7
99%
8
99%
9
99%
10
98%
10
98%
11
98%
12
98%
2
98%
4
98%
6
98%
8
98%
12
97%
14
97%
16
97%
18
97%
20
97%
22
97%
24
97%
3
97%
12
96%
15
96%
6
96%
9
96%
18
95%
21
95%
24
95%
27
95%
30
95%
33
95%
36
95%
4
95%
8
95%
12
94%
16
94%
20
93%
24
93%
28
92%
32
92%
36
92%
40
92%
5
92%
10
91%
15
91%
20
91%
25
91%
44
91%
48
91%
30
90%
35
90%
6
90%
40
89%
45
89%
50
89%
55
89%
60
89%
12
88%
18
87%
24
86%
30
84%
36
84%
42
83%
48
82%
54
80%
60
80%
66
79%
7
79%
72
77%
14
76%
21
74%
28
73%
35
70%
42
69%
49
66%
56
64%
63
60%
70
59%
77
58%
8
57%
84
55%
16
54%
24
51%
32
48%
40
46%
48
44%
56
42%
64
39%
72
37%
9
37%
80
36%
88
36%
96
34%
18
33%
27
31%
36
29%
45
28%
10
26%
54
26%
63
25%
20
24%
72
24%
30
23%
81
23%
40
22%
50
22%
90
22%
99
22%
60
21%
70
21%
80
21%
100
20%
11
20%
90
20%
108
19%
110
19%
120
18%
22
17%
33
16%
44
16%
55
15%
66
15%
77
14%
88
14%
99
14%
110
13%
12
13%
121
11%
132
10%
24
10%
36
9%
48
8%
60
7%
72
7%
84
6%
96
6%
108
5%
120
5%
132
4%
144
4%
No se encontraron pruebas coincidentes
Distribución de puntuación
Porcentaje de gente con cada puntuación
Porcentaje por número respondido
Historial de tus puntuaciones
No has intentado esta prueba.